GEOS 2006.1st International Trade Fair of Geodesy,Cartography,Navigation and Geoinformatics : Conference proceedings.Prague,16.-18.3.2006
Gespeichert in:
| Format: | Buch |
|---|---|
| Veröffentlicht: |
Zdiby :
VÚGTK,
2006
|
| Tags: |
Keine Tags, Fügen Sie das erste Tag hinzu!
|
MARC
| LEADER | 00000nam a22000003a 4500 | ||
|---|---|---|---|
| 001 | stu166103 | ||
| 005 | 20150408182633.4 | ||
| 008 | 080630s2006----xr----------------------d | ||
| 020 | |a 80-85881-25-X | ||
| 040 | |a STU |b slo | ||
| 041 | 0 | ||
| 044 | |a xr | ||
| 245 | |a GEOS 2006.1st International Trade Fair of Geodesy,Cartography,Navigation and Geoinformatics : |b Conference proceedings.Prague,16.-18.3.2006 | ||
| 260 | |a Zdiby : |b VÚGTK, |c 2006 | ||
| 300 | |a 81 s |c CD | ||
| 996 | |b 284V032664 |c V*1739/sc-08 |l VVT |s A |a 24 |w stu166103_0001 | ||